000 00237nam a22000977a 4500
003 SGT
245 _aINTERNATIONAL JOURNAL OF APPLIED ENGINEERING RESEARCH
260 _bRIP RESEARCH INDIAN PUBLISHER
_c2019
300 _a800
942 _2ddc
_cBV
999 _c28954
_d28954